01016nam a22002177a 4500001001400000003000900014005001700023008004100040040001300081082002200094100004700116245015200163260010700315300003000422500014300452504004100595650003700636650003500673700003900708710005100747BD-DhSAU 9278BD-DhSAU20260513121718.0260513b2018 bg a|||| m||| 00| 0 eng d aBD-DhSAU 222a636.085bAr99 aAHMED, MD. ARZO eRegistration # 17-07805 aComparative study on reproductive and productive performance of indigenous and crossbred cattle in netrokona district, bangladesh / bMS thesis  aSher-e-Bangla Agricultural University;bDepartment of Animal nutrition, genetics and breeding ;c2024. ax, 45p. :bill. ;c30 cm. aMS thesis of Department of Animal nutrition, genetics and breeding ;, ;, Faculty of ASVM. Sher-e-Balgla Agricultural University Dhaka-1207 aIncludes bibliographical reference.  aindigenous and crossbred cattle  anetrokona district, bangladesh aProf. Dr. Lam Yea AsadeSuperviser eCo-SuperviseraProf. Dr. Md. Mufazzal Hossain